| 000 | 00353 a2200157 4500 | ||
|---|---|---|---|
| 003 | Nust | ||
| 005 | 20230529123629.0 | ||
| 040 | _cNust | ||
| 082 | _a808.83,GOR | ||
| 100 |
_aGordon,Richard _9112756 |
||
| 245 |
_aDoctor at Sea _cRichard Gordon |
||
| 260 |
_aLondon _bMichael Joseph |
||
| 300 | _a219:p | ||
| 650 |
_aA Novel _9107173 |
||
| 942 |
_2ddc _cBK |
||
| 999 |
_c186881 _d186881 |
||